Największe powiaty w Polsce pod względem powierzchni. - Statystyki

Ogólne statystyki
  • Ten quiz został rozwiązany 248 razy
  • Średni wynik to 8 z 20
Statystyki odpowiedzi
# Powierzchnia Powiat % Poprawnych
1. 2976.44km² Białostocki
83%
10. 1899.88km² Poznański
67%
2. 2838.02km² Olsztyński
64%
5. 2246.07km² Kielecki
60%
3. 2754.26km² Bialski
50%
4. 2304.24km² Słupski
46%
6. 2192.07km² Bytowski
43%
12. 1870.29km² Zamojski
40%
15. 1796.63km² Płocki
38%
7. 2093.55km² Ostrołęcki
34%
11. 1885.60km² Chełmski
33%
16. 1774.58km² Piski
29%
8. 2054.50km² Sokólski
29%
9. 1933.21km² Szczycieński
27%
17. 1766.29km² Ostródzki
25%
20. 1681.10km² Biłgorajski
22%
13. 1869.11km² Gryfiński
22%
19. 1764.24km² Drawski
21%
14. 1806.05km² Czarnkowsko-Trzcianecki
19%
18. 1765.42km² Szczeciniecki
15%
Nie znaleziono quizów pasujących do podanych kryteriów
Rozkład punktacji
Procent ludzi z każdym wynikiem
Percentyl według liczby udzielonych odpowiedzi
Twoja historia wyników
Nie rozwiązałeś tego quizu